000 00355nam a2200133Ia 4500
008 210210b1992 xxu||||| |||| 00| 0 eng d
082 _a510 PRAT
100 _aPRABHAKAR (R V) and Others.
245 _aText book of mathematics: II year PUC.
260 _aBangalore
_bNudi Publications
_c1992
300 _a688,7
690 _aMathematics
906 _a046438
999 _c95639
_d95639